书目信息 |
| 题名: |
大学英语四级词汇:速记·考点·例解·精要
|
|
| 作者: | 王英 主编 | |
| 分册: | ||
| 出版信息: | 北京 外文出版社 2000.06 |
|
| 页数: | 579页 | |
| 开本: | 16cm | |
| 丛书名: | ||
| 单 册: | ||
| 中图分类: | H313 | |
| 科图分类: | ||
| 主题词: | 英语 | |
| 电子资源: | ||
| ISBN: | 7-119-02658-5 | |
| 000 | 00616nam0 2200193 450 | |
| 001 | 0836427813 | |
| 005 | 20081028101035.51 | |
| 010 | @a7-119-02658-5@dCNY16.00 | |
| 100 | @a20081028d2000 km y0chiy0120 ea | |
| 101 | 0 | @achi |
| 102 | @aCN@b110000 | |
| 200 | 1 | @a大学英语四级词汇:速记·考点·例解·精要@Ada xue ying yu si ji ci hui:su ji·kao dian·li jie·jing yao@f王英主编@Fwang ying zhu bian |
| 210 | @a北京@c外文出版社@d2000.06 | |
| 215 | @a579页@d16cm | |
| 606 | 0 | @a英语 |
| 690 | @aH313@v4 | |
| 701 | 0 | @a王英@Awang ying@4主编 |
| 801 | 0 | @aCN@b大连网信软件有限公司图书馆·11@c20081028 |
| 905 | @aZUCC@dH313@eW4322 | |
| 大学英语四级词汇:速记·考点·例解·精要/王英主编.-北京:外文出版社,2000.06 |
| 579页;16cm |
| ISBN 7-119-02658-5:CNY16.00 |
| ● |
| 相关链接 |
|
|
|
正题名:大学英语四级词汇:速记·考点·例解·精要
索取号:H313/W4322
 
预约/预借
| 序号 | 登录号 | 条形码 | 馆藏地/架位号 | 状态 | 备注 |
| 1 | 460225 | 204602251 | 语言库209/504自科库 45排1列2层/ [索取号:H313/W4322] | 在馆 |